<?xml version="1.0" encoding="UTF-8"?>
<record
    xmlns:xsi="http://www.w3.org/2001/XMLSchema-instance"
    xsi:schemaLocation="http://www.loc.gov/MARC21/slim http://www.loc.gov/standards/marcxml/schema/MARC21slim.xsd"
    xmlns="http://www.loc.gov/MARC21/slim">

  <leader>00836nam a22002417a 4500</leader>
  <controlfield tag="003">OSt</controlfield>
  <controlfield tag="005">20251127094207.0</controlfield>
  <controlfield tag="008">251127b        |||||||| |||| 00| 0 eng d</controlfield>
  <datafield tag="020" ind1=" " ind2=" ">
    <subfield code="a">971-8740-52-x</subfield>
  </datafield>
  <datafield tag="040" ind1=" " ind2=" ">
    <subfield code="a">DWCL - Main</subfield>
    <subfield code="c">OC</subfield>
  </datafield>
  <datafield tag="082" ind1=" " ind2=" ">
    <subfield code="a">Fil. 371.26 Q1 2019</subfield>
  </datafield>
  <datafield tag="100" ind1=" " ind2=" ">
    <subfield code="a">Alferez, Merle S.</subfield>
  </datafield>
  <datafield tag="245" ind1=" " ind2=" ">
    <subfield code="a">Qualifying Test Preparation for Philippine Science High Schools Volume 2 / </subfield>
    <subfield code="c">Merle S. Alferez [and three others]</subfield>
  </datafield>
  <datafield tag="260" ind1=" " ind2=" ">
    <subfield code="a">Rizal, Philippines : </subfield>
    <subfield code="b">MSA Publishing House,</subfield>
    <subfield code="c">c2019.</subfield>
  </datafield>
  <datafield tag="300" ind1=" " ind2=" ">
    <subfield code="a">139 pages; </subfield>
    <subfield code="c">23 cm.</subfield>
  </datafield>
  <datafield tag="650" ind1=" " ind2=" ">
    <subfield code="a">1. General subjects - exam</subfield>
  </datafield>
  <datafield tag="650" ind1=" " ind2=" ">
    <subfield code="a">2. Middle school entrance examination reviewer</subfield>
  </datafield>
  <datafield tag="650" ind1=" " ind2=" ">
    <subfield code="a">3. Middle school- reviewer</subfield>
  </datafield>
  <datafield tag="700" ind1=" " ind2=" ">
    <subfield code="a">I. Eunice R. Tumolva</subfield>
  </datafield>
  <datafield tag="700" ind1=" " ind2=" ">
    <subfield code="a">II. Maria Cecilia A. Duro</subfield>
  </datafield>
  <datafield tag="700" ind1=" " ind2=" ">
    <subfield code="a">III. Ana Maria Czarina A. Feliciano</subfield>
  </datafield>
  <datafield tag="942" ind1=" " ind2=" ">
    <subfield code="2">ddc</subfield>
    <subfield code="c">BK - FIL</subfield>
    <subfield code="m">Fil.</subfield>
    <subfield code="n">0</subfield>
  </datafield>
  <datafield tag="952" ind1=" " ind2=" ">
    <subfield code="0">0</subfield>
    <subfield code="1">0</subfield>
    <subfield code="2">ddc</subfield>
    <subfield code="4">0</subfield>
    <subfield code="7">0</subfield>
    <subfield code="a">DWCLJHS</subfield>
    <subfield code="b">DWCLJHS</subfield>
    <subfield code="c">Fil</subfield>
    <subfield code="d">2023-03-09</subfield>
    <subfield code="e">Library Fund</subfield>
    <subfield code="g">350.00</subfield>
    <subfield code="l">0</subfield>
    <subfield code="o">Fil. 371.26 Q1 2019</subfield>
    <subfield code="p">JHS - 21092</subfield>
    <subfield code="r">2025-11-27</subfield>
    <subfield code="t">c1</subfield>
    <subfield code="v">350.00</subfield>
    <subfield code="w">2025-11-27</subfield>
    <subfield code="y">BK - FIL</subfield>
    <subfield code="0"></subfield>
    <subfield code="@"></subfield>
    <subfield code="u"></subfield>
  </datafield>
  <datafield tag="999" ind1=" " ind2=" ">
    <subfield code="c">6427</subfield>
    <subfield code="d">6427</subfield>
  </datafield>
</record>
